Castilla

Saved in:
Bibliographic Details
Main Author: Azorín Martínez Ruiz, José (autor)
Format: Book
Language:Spanish
Published: Buenos Aires Losada 1939
Series:Biblioteca Contemporánea, 43
Subjects:
Tags: Add Tag
No Tags, Be the first to tag this record!

MARC

LEADER 00000nam a2200000 a 4500
001 UCY9751
003 CL-VaPUC
008 950720e19390000AG |||||||||||||||||spa|d
082 0 4 |a 864  |b AZO  |2 21 
100 |a Azorín  |e autor  |q Martínez Ruiz, José  |9 863023 
245 1 0 |a Castilla 
300 |a 155 p 
942 |c BK 
945 |d 19950720 00:00:00  |a rbrito 
260 |a Buenos Aires  |b Losada  |c 1939 
650 0 |a Ensayos españoles  |9 313128 
583 |a last modification  |c 19950720 00:00:00  |k Rodrigo Vera 
490 0 |a Biblioteca Contemporánea, 43 
999 |c 236791  |d 236789 
952 |0 0  |1 0  |4 0  |6 864_000000000000000_AZO_1939  |7 0  |8 A  |9 245123  |a BIBEDU  |b BIBEDU  |d 2019-11-18  |i 3101525  |o 864 AZO 1939  |p 3101525  |r 2019-11-18  |w 2019-11-18  |y BK  |k LIT